Comuni della Provincia di Bergamo (con mappa) - Statistics

Statistiche generali
  • Questo quiz è stato fatto 148 volte
  • Il punteggio medio è 94 su 243
Risposte nella Mappa
Le risposte nella mappa del quiz sottostante sono codificate secondo una scala di colori dal rosso al verde in base alla % di persone che hanno risposto correttamente.
 
Statistiche sulle risposte
Risposta % Corretto
Bergamo
92%
Seriate
85%
Brembate
81%
Albino
79%
Orio al Serio
79%
Dalmine
77%
Treviglio
75%
Clusone
74%
Almè
72%
Brembate di Sopra
72%
San Pellegrino Terme
72%
Curno
70%
Villa d'Almè
68%
Alzano Lombardo
66%
Leffe
66%
Zanica
66%
Osio Sopra
64%
Osio Sotto
64%
Zogno
64%
Caravaggio
62%
Ranica
62%
Romano di Lombardia
62%
Sarnico
62%
Cenate Sopra
60%
Lovere
60%
Nembro
60%
Almenno San Salvatore
58%
Cenate Sotto
58%
Ponte San Pietro
58%
Albano Sant'Alessandro
57%
Bonate Sopra
57%
Bonate Sotto
57%
Foppolo
57%
Pontida
57%
San Giovanni Bianco
57%
Trescore Balneario
57%
Scanzorosciate
55%
Urgnano
55%
Brusaporto
53%
Fara Gera d'Adda
53%
Schilpario
53%
Selvino
53%
Sotto il Monte Giovanni XXIII
53%
Sovere
53%
Stezzano
53%
Almenno San Bartolomeo
51%
Azzano San Paolo
51%
Calcinate
51%
Costa Volpino
51%
Gandino
51%
Gorle
51%
Grassobbio
51%
Mapello
51%
Ponteranica
51%
Torre Boldone
51%
Vertova
51%
Capriate San Gervasio
49%
Cene
49%
Cologno al Serio
49%
Endine Gaiano
49%
Treviolo
49%
Valbrembo
49%
Verdello
49%
Castione della Presolana
47%
Grumello del Monte
47%
Mozzo
47%
Rovetta
47%
Valbondione
47%
Villa di Serio
47%
Adrara San Martino
45%
Bagnatica
45%
Colere
45%
Rogno
45%
Tavernola Bergamasca
45%
Verdellino
45%
Calusco d'Adda
43%
Castelli Calepio
43%
Castro
43%
Terno d'Isola
43%
Vilminore di Scalve
43%
Zandobbio
43%
Adrara San Rocco
42%
Antegnate
42%
Ardesio
42%
Bossico
42%
Branzi
42%
Calcio
42%
Carona
42%
Gorlago
42%
Oltre il Colle
42%
Pedrengo
42%
Serina
42%
Taleggio
42%
Casazza
40%
Chiuduno
40%
Covo
40%
Martinengo
40%
San Paolo d'Argon
40%
Sedrina
40%
Solto Collina
40%
Sorisole
40%
Ambivere
38%
Aviatico
38%
Bariano
38%
Casnigo
38%
Ciserano
38%
Comun Nuovo
38%
Costa di Mezzate
38%
Entratico
38%
Gazzaniga
38%
Gromo
38%
Lallio
38%
Mornico al Serio
38%
Mozzanica
38%
Palazzago
38%
Parre
38%
Riva di Solto
38%
Telgate
38%
Bolgare
36%
Bottanuco
36%
Brignano Gera d'Adda
36%
Chignolo d'Isola
36%
Cisano Bergamasco
36%
Fontanella
36%
Foresto Sparso
36%
Isso
36%
Ponte Nossa
36%
Sant'Omobono Terme
36%
Val Brembilla
36%
Villa d'Ogna
36%
Villongo
36%
Bracca
34%
Monasterolo del Castello
34%
Oltressenda Alta
34%
Piario
34%
Torre de' Roveri
34%
Arcene
32%
Azzone
32%
Canonica d'Adda
32%
Carvico
32%
Casirate d'Adda
32%
Gandellino
32%
Levate
32%
Onore
32%
Palosco
32%
Pianico
32%
Piazza Brembana
32%
Predore
32%
Presezzo
32%
Rota d'Imagna
32%
Spirano
32%
Algua
30%
Bedulita
30%
Caprino Bergamasco
30%
Carobbio degli Angeli
30%
Cazzano Sant'Andrea
30%
Cerete
30%
Corna Imagna
30%
Cusio
30%
Ghisalba
30%
Gorno
30%
Medolago
30%
Montello
30%
Olmo al Brembo
30%
Parzanica
30%
Peia
30%
Pradalunga
30%
Ranzanico
30%
Roncola
30%
Valgoglio
30%
Villa d'Adda
30%
Berbenno
28%
Cortenuova
28%
Fara Olivana con Sola
28%
Fino del Monte
28%
Fiorano al Serio
28%
Fonteno
28%
Lenna
28%
Paladina
28%
Piazzatorre
28%
Suisio
28%
Valtorta
28%
Averara
26%
Blello
26%
Cividate al Piano
26%
Costa Valle Imagna
26%
Credaro
26%
Lurano
26%
Madone
26%
Mezzoldo
26%
Morengo
26%
Oneta
26%
Berzo San Fermo
25%
Boltiere
25%
Camerata Cornello
25%
Cavernago
25%
Dossena
25%
Fuipiano Valle Imagna
25%
Grone
25%
Isola di Fondra
25%
Luzzana
25%
Misano di Gera d'Adda
25%
Pagazzano
25%
Pontirolo Nuovo
25%
Songavazzo
25%
Ubiale Clanezzo
25%
Vigano San Martino
25%
Barzana
23%
Borgo di Terzo
23%
Costa Serina
23%
Gandosso
23%
Moio de' Calvi
23%
Pognano
23%
Pumenengo
23%
Roncobello
23%
Santa Brigida
23%
Torre de' Busi
23%
Valnegra
23%
Arzago d'Adda
21%
Barbata
21%
Capizzone
21%
Cassiglio
21%
Castel Rozzone
21%
Filago
21%
Fornovo San Giovanni
21%
Locatello
21%
Ornica
21%
Strozza
21%
Torre Pallavicina
21%
Valleve
21%
Vedeseta
21%
Bianzano
19%
Calvenzano
19%
Colzate
19%
Cornalba
19%
Gaverina Terme
19%
Premolo
19%
Solza
19%
Viadanica
19%
Vigolo
19%
Brumano
17%
Spinone al Lago
17%
Piazzolo
15%
Nessun quiz corrispondente trovato
Distribuzione punteggi
Percentuale di utenti per punteggio
Percentile per numero di risposta
I tuoi punteggi nel tempo
Non hai fatto questo quiz